Statistics for Capital Cities of Australia and Oceania

Click here to take the quiz!

General Stats

  • This quiz has been taken 178 times
  • The average score is 9 of 14

Answer Stats

CountryCapital% Correct
New ZealandWellington
96%
AustraliaCanberra
96%
FijiSuva
77%
Papua New GuineaPort Moresby
75%
SamoaApia
63%
KiribatiSouth Tarawa
59%
TuvaluFunafuti
59%
VanuatuPort Vila
59%
Federated States of MicronesiaPalikir
57%
Solomon IslandsHoniara
56%
Marshall IslandsMajuro
49%
TongaNuku'alofa
49%
PalauNgerulmud
48%
NauruYaren District
13%

Score Distribution

Percentile by Number Answered

Percent of People with Each Score

Your Score History

You have not taken this quiz